10 pays les plus homophobes au monde - Statistiques

Statistiques générales
  • Ce quiz a été pris 482 fois
  • Le résultat moyen est 4 sur 10
Statistiques - réponses
Réponses % Correct
Iran
81%
Arabie saoudite
80%
Afghanistan
68%
Qatar
60%
Yémen
54%
Somalie
31%
Nigeria
29%
Mauritanie
21%
Brunei
12%
Ouganda
11%
Aucun quiz correspondant
Distribution des résultats
% des personnes avec chaque résultat
Percentile par nombre de réponses
Votre historique - résultats
Vous n’avez pas pris ce quiz